000
00325nam a2200133Ia 4500
100
_a
Socha/J./ Hall/ D
942
_c
BK
654
_a
Computer
245
_a
P.C. World Dos 6.2. : Command reference & Problem Solver
260
_b
Galgotia
_a
New Delhi
_c
1994
082
_a
005.13 'DOS'
546
_a
ENGLISH
999
_c
23340
_d
23340